American government. (Record no. 542424)
[ view plain ]
| 000 -LEADER | |
|---|---|
| fixed length control field | 00489cam a22001571 4500 |
| 082 ## - DEWEY DECIMAL CLASSIFICATION NUMBER | |
| Classification number | 320.09773 |
| Author Mark | SAY |
| -- | L-28,P-4 |
| 100 1# - MAIN ENTRY--PERSONAL NAME | |
| Personal name | Sayre, Wallace Stanley, |
| 9 (RLIN) | 37587 |
| 245 10 - TITLE STATEMENT | |
| Title | American government. |
| 250 ## - EDITION STATEMENT | |
| Edition statement | 14th ed. |
| 260 ## - PUBLICATION, DISTRIBUTION, ETC. | |
| Place of publication, distribution, etc. | New York, |
| Name of publisher, distributor, etc. | Barnes & Noble |
| Date of publication, distribution, etc. | [c1960] |
| 300 ## - PHYSICAL DESCRIPTION | |
| Extent | xix, 315 p. |
| Other physical details | map, diagrs. |
| Dimensions | 21 cm. |
| 500 ## - GENERAL NOTE | |
| General note | Published in 1932 under title: An outline of American government. |
| 526 ## - STUDY PROGRAM INFORMATION NOTE | |
| Program name | 0 |
| Interest level | 0 |
| Reading level | 0 |
| Title point value | 320_097730000000000_SAY |
| 650 ## - SUBJECT ADDED ENTRY--TOPICAL TERM | |
| Topical term or geographic name entry element | MCE |
| 9 (RLIN) | 379 |
| 942 ## - ADDED ENTRY ELEMENTS (KOHA) | |
| Source of classification or shelving scheme | |
| Koha item type | Book |
| Withdrawn status | Lost status | Source of classification or shelving scheme | Damaged status | Not for loan | Permanent Location | Current Location | Date acquired | Total Checkouts | Full call number | Barcode | Date last seen | Price effective from | Koha item type |
|---|---|---|---|---|---|---|---|---|---|---|---|---|---|
| Military College of Engineering (MCE) | Military College of Engineering (MCE) | 12/04/2013 | 320.09773 SAY | MCE-1816 | 12/04/2013 | 12/04/2013 | Book |
